[Event "FIDE World Blitz-ch Women 2018"]
[Site "St. Petersburg"]
[Date "2018.12.29"]
[Round "3.24"]
[White "Zhukova, Natalia"]
[Black "Nomin-Erdene, Davaademberel"]
[Result "1-0"]
[WhiteElo "2377"]
[BlackElo "2376"]
[Annotator "NA"]
[PlyCount "121"]
[EventDate "2018.12.19"]
[EventType "swiss"]
[EventCountry "RUS"]
[SourceTitle "playchess.com"]
[Source "ChessBase"]
[SourceQuality "1"]

1. c4 f5 2. Nc3 Nf6 3. d3 g6 4. e4 d6 5. exf5 Bxf5 6. d4 Bg7 7. Bd3 Bxd3 8. Qxd3 Nbd7 9. Nf3 e5 10. dxe5 Nxe5 11. Nxe5 dxe5 12. Qe2 O-O 13. O-O Re8 14. Bg5 Qd7 15. Rad1 Qf5 16. Bxf6 Bxf6 17. Nd5 Bd8 18. c5 Qf7 19. Qe4 c6 20. Ne3 Bc7 21. Ng4 Kg7 22. Qe3 Re7 23. Qh6+ Kg8 24. Qg5 Kg7 25. h4 Rae8 26. h5 Qf4 27. h6+ Kf7 28. Qh4 e4 29. g3 Qf3 30. Nh2 Qf6 31. Qg4 Qf5 32. Qe2 Kg8 33. Ng4 Kf7 34. Qc4+ Qe6 35. Qe2 Qf5 36. Rd4 Kf8 37. Rfd1 Kg8 38. Qc4+ Kf8 39. Ne3 Qe6 40. Qc3 Be5 41. Qa3 Bxd4 42. Rxd4 a6 43. Qc3 Kf7 44. Rd6 Qe5 45. Qb3+ Kf8 46. Ng4 Qf5 47. Rf6+ Qxf6 48. Nxf6 Rf7 49. Ng4 Ree7 50. Qc3 Ke8 51. Qh8+ Kd7 52. Ne5+ Kc7 53. Nxf7 Rxf7 54. Qg7 Rd7 55. Qe5+ Kc8 56. Qxe4 Kc7 57. f4 Rf7 58. g4 Rd7 59. f5 gxf5 60. gxf5 Kd8 61. Qe6 1-0

[Event "FIDE World Blitz-ch Women 2018"]
[Site "St. Petersburg"]
[Date "2018.12.29"]
[Round "3.25"]
[White "Javakhishvili, Lela"]
[Black "Badelka, Olga"]
[Result "1-0"]
[WhiteElo "2464"]
[BlackElo "2385"]
[Annotator "ChessBase"]
[PlyCount "75"]
[EventDate "2018.12.19"]
[EventType "swiss"]
[EventCountry "RUS"]
[SourceTitle "playchess.com"]
[Source "ChessBase"]
[SourceQuality "1"]

1. Nf3 c5 2. b3 Nc6 3. Bb2 d6 4. e3 Nf6 5. d4 cxd4 6. exd4 d5 7. Bd3 Bg4 8. h3 Bh5 9. Nbd2 e6 10. O-O Be7 11. a3 Rc8 12. Qe1 O-O 13. Ne5 Nxe5 14. dxe5 Nd7 15. c4 Nb6 16. Qb1 Bg6 17. Bxg6 hxg6 18. Rd1 Qc7 19. Bd4 Bc5 20. Bxc5 Qxc5 21. b4 Qc7 22. cxd5 Nxd5 23. Qb2 Nf4 24. Ne4 Qc6 25. Rd4 Rfd8 26. Rad1 Rd5 27. Rxd5 Nxd5 28. Qd4 b6 29. Nd6 Rc7 30. Qh4 f6 31. Qg4 Re7 32. Qxg6 fxe5 33. Ne4 Rf7 34. Ng5 Rf6 35. Qh7+ Kf8 36. Qh8+ Ke7 37. Qxg7+ Kd6 38. Ne4# 1-0

[Event "FIDE World Blitz-ch Women 2018"]
[Site "St. Petersburg"]
[Date "2018.12.29"]
[Round "3.26"]
[White "Bezgodova, Svetlana"]
[Black "Khotenashvili, Bela"]
[Result "0-1"]
[WhiteElo "2046"]
[BlackElo "2479"]
[Annotator "ChessBase"]
[PlyCount "100"]
[EventDate "2018.12.19"]
[EventType "swiss"]
[EventCountry "RUS"]
[SourceTitle "playchess.com"]
[Source "ChessBase"]
[SourceQuality "1"]

1. Nf3 g6 2. e4 Bg7 3. d4 c6 4. a4 d5 5. Nc3 Nh6 6. h3 O-O 7. Be3 f6 8. Qd2 Nf7 9. Bd3 Na6 10. O-O Nb4 11. Be2 e6 12. Rfe1 a5 13. Rad1 Bd7 14. Bf1 Re8 15. Nh2 Nd6 16. exd5 exd5 17. b3 Bf5 18. Rc1 Qd7 19. f3 Re7 20. Nd1 Rae8 21. c3 Na6 22. g4 Be6 23. Nf2 Nc7 24. Nd3 b6 25. Bf4 Bf7 26. Rxe7 Rxe7 27. Re1 g5 28. Bg3 Bg6 29. h4 h6 30. Rxe7 Qxe7 31. Qe1 Bf8 32. Qxe7 Bxe7 33. Nc1 b5 34. Bd3 Bxd3 35. Nxd3 bxa4 36. bxa4 Ne6 37. Nf1 Nc4 38. Kf2 Nb6 39. Nb2 Ba3 40. Nd3 Nxa4 41. Nd2 Nxc3 42. Nb3 a4 43. Na5 Nxd4 44. h5 Ncb5 45. Ke3 c5 46. f4 c4 47. Ne1 Bc1+ 48. Kf2 gxf4 49. Bh4 Kf7 50. Nf3 a3 0-1

[Event "FIDE World Blitz-ch Women 2018"]
[Site "St. Petersburg"]
[Date "2018.12.29"]
[Round "3.27"]
[White "Assaubayeva, Bibisara"]
[Black "Batsiashvili, Nino"]
[Result "0-1"]
[WhiteElo "2372"]
[BlackElo "2459"]
[Annotator "ChessBase"]
[PlyCount "72"]
[EventDate "2018.12.19"]
[EventType "swiss"]
[EventCountry "RUS"]
[SourceTitle "playchess.com"]
[Source "ChessBase"]
[SourceQuality "1"]

1. d4 Nf6 2. c4 e6 3. Nf3 d5 4. Nc3 Bb4 5. Bg5 h6 6. Bxf6 Qxf6 7. cxd5 exd5 8. e3 c6 9. Be2 O-O 10. O-O Bf5 11. a3 Bd6 12. b4 a6 13. Qb3 Nd7 14. a4 b5 15. axb5 axb5 16. Rxa8 Rxa8 17. Rc1 Nb6 18. Nd2 Qe7 19. Bf3 Nc4 20. Nxc4 bxc4 21. Qd1 Bxb4 22. Ne2 Be4 23. Ng3 Bxf3 24. Qxf3 Qf6 25. Qg4 Qg6 26. Qd7 Bd2 27. Rf1 c3 28. Nf5 Kh7 29. Ne7 Qf6 30. Nxc6 c2 31. Qxd5 c1=Q 32. Rxc1 Bxc1 33. Ne5 Ra1 34. Qe4+ g6 35. h3 Bxe3+ 36. Kh2 Qf4+ 0-1

[Event "FIDE World Blitz-ch Women 2018"]
[Site "St. Petersburg"]
[Date "2018.12.29"]
[Round "3.28"]
[White "Kovanova, Baira"]
[Black "Gaponenko, Inna"]
[Result "0-1"]
[WhiteElo "2352"]
[BlackElo "2420"]
[Annotator "NA"]
[PlyCount "58"]
[EventDate "2018.12.19"]
[EventType "swiss"]
[EventCountry "RUS"]
[SourceTitle "playchess.com"]
[Source "ChessBase"]
[SourceQuality "1"]

1. Nf3 g6 2. d4 Bg7 3. Bf4 d6 4. e3 Nd7 5. h3 e5 6. Bh2 Nh6 7. Be2 O-O 8. O-O Nf5 9. c4 exd4 10. exd4 c5 11. Nc3 cxd4 12. Nb5 Qb6 13. a4 a6 14. a5 Qc5 15. b4 Qxb4 16. Nc7 Rb8 17. Nd5 Qc5 18. g4 Nh6 19. Qd2 f5 20. Ng5 Ne5 21. Ne7+ Kh8 22. Nxc8 Qxc8 23. f4 Nxc4 24. Bxc4 Qxc4 25. Rac1 Qd5 26. Rc7 fxg4 27. Re1 Rbe8 28. Rb1 d3 29. Rxg7 Qd4+ 0-1

[Event "FIDE World Blitz-ch Women 2018"]
[Site "St. Petersburg"]
[Date "2018.12.29"]
[Round "3.29"]
[White "Chernyak, Viktoria"]
[Black "Dordzhieva, Dinara"]
[Result "1-0"]
[WhiteElo "2186"]
[BlackElo "2340"]
[Annotator "NA"]
[PlyCount "103"]
[EventDate "2018.12.19"]
[EventType "swiss"]
[EventCountry "RUS"]
[SourceTitle "playchess.com"]
[Source "ChessBase"]
[SourceQuality "1"]

1. c4 e6 2. Nf3 d5 3. g3 Nf6 4. Bg2 d4 5. O-O c5 6. d3 Nc6 7. a3 Be7 8. Nbd2 O-O 9. Rb1 a5 10. Ng5 e5 11. Nge4 Nd7 12. f4 f5 13. Nf2 exf4 14. gxf4 Bd6 15. Nf3 Nf6 16. e3 dxe3 17. Bxe3 Re8 18. Bd2 Kh8 19. Re1 Be6 20. Ne5 Qc7 21. Bc3 Nd4 22. b4 axb4 23. axb4 Ra7 24. Nh3 Bg8 25. bxc5 Bxc5 26. Kh1 Ne6 27. d4 Bd6 28. c5 Bxe5 29. Rxe5 Ng4 30. Rxf5 Ne3 31. Qh5 Nxf5 32. Qxe8 Nh4 33. Bd5 Qf7 34. Qxf7 Bxf7 35. Rxb7 Rxb7 36. Bxb7 Nd8 37. Be4 g6 38. d5+ Kg8 39. c6 Nxc6 40. dxc6 Be6 41. Ng5 Bd5 42. Bxd5+ Kf8 43. Nxh7+ Ke8 44. Bf6 Nf5 45. Be5 Ne3 46. Be4 Nf5 47. Bxf5 gxf5 48. Nf6+ Kd8 49. c7+ Kc8 50. Kg2 Kb7 51. Kg3 Kc6 52. Kh4 1-0

[Event "FIDE World Blitz-ch Women 2018"]
[Site "St. Petersburg"]
[Date "2018.12.29"]
[Round "3.30"]
[White "Styazhkina, Anna"]
[Black "Murashova, Ekaterina"]
[Result "0-1"]
[WhiteElo "2274"]
[BlackElo "2259"]
[Annotator "NA"]
[PlyCount "96"]
[EventDate "2018.12.19"]
[EventType "swiss"]
[EventCountry "RUS"]
[SourceTitle "playchess.com"]
[Source "ChessBase"]
[SourceQuality "1"]

1. e4 c5 2. Nf3 e6 3. d4 cxd4 4. Nxd4 Nc6 5. Nc3 a6 6. a3 Qc7 7. Be3 Nf6 8. Be2 Be7 9. O-O O-O 10. Kh1 d6 11. f4 Bd7 12. Qe1 Nxd4 13. Bxd4 Bc6 14. Qg3 Kh8 15. Bd3 Rg8 16. Rae1 Nd7 17. e5 Nf8 18. f5 exf5 19. Rxf5 Be8 20. Nd5 Qd8 21. Nxe7 Qxe7 22. exd6 Qd7 23. Re7 Qa4 24. Bc3 Ng6 25. Re4 Qd7 26. Rh5 f5 27. Rxh7+ Kxh7 28. Qh3+ Nh4 29. Rxh4+ Kg6 30. Qg3+ Kf7 31. Bc4+ Kf8 32. Bxg7+ Qxg7 33. Qf2 Bd7 34. Bxg8 Kxg8 35. Rh5 Re8 36. h3 Re6 37. Qf4 Rg6 38. g3 Bc6+ 39. Kh2 Qxb2 40. Rxf5 Qxc2+ 41. Qf2 Qxf2+ 42. Rxf2 Rxd6 43. Rb2 Rd3 44. Ra2 a5 45. h4 Bd5 46. Ra1 Rd2+ 47. Kh3 Be6+ 48. g4 Rd3+ 0-1

[Event "FIDE World Blitz-ch Women 2018"]
[Site "St. Petersburg"]
[Date "2018.12.29"]
[Round "3.31"]
[White "Atalik, Ekaterina"]
[Black "Garcia Martin, Marta"]
[Result "1-0"]
[WhiteElo "2447"]
[BlackElo "2301"]
[Annotator "NA"]
[PlyCount "96"]
[EventDate "2018.12.19"]
[EventType "swiss"]
[EventCountry "RUS"]
[SourceTitle "playchess.com"]
[Source "ChessBase"]
[SourceQuality "1"]

1. b3 Nf6 2. Bb2 g6 3. e4 d6 4. Nf3 Bg7 5. d3 O-O 6. Be2 c5 7. O-O Nc6 8. Nbd2 Re8 9. Rb1 b5 10. Re1 Rb8 11. Nf1 a5 12. Ne3 e6 13. g3 Bd7 14. Ng2 d5 15. exd5 exd5 16. Nf4 d4 17. Bf1 Qc7 18. Bg2 Nb4 19. a3 Nc6 20. Qd2 Bh6 21. Rxe8+ Nxe8 22. h4 Bxf4 23. Qxf4 Qxf4 24. gxf4 Nf6 25. Re1 Re8 26. Rxe8+ Bxe8 27. Bc1 Bd7 28. Bd2 b4 29. axb4 axb4 30. Kh2 Kf8 31. Kg3 Ke7 32. Ne5 Nh5+ 33. Kh2 Nxe5 34. fxe5 Bg4 35. f3 Bf5 36. Bg5+ Ke6 37. f4 Bg4 38. Bb7 Bd1 39. Ba6 Bxc2 40. Bc4+ Kf5 41. Bxf7 Ng7 42. Bh6 Ne6 43. Bg8 Bxb3 44. Bxh7 Bd5 45. h5 b3 46. Kg3 Nd8 47. hxg6 b2 48. g7+ Ke6 1-0

[Event "FIDE World Blitz-ch Women 2018"]
[Site "St. Petersburg"]
[Date "2018.12.29"]
[Round "3.32"]
[White "Khomeriki, Nino"]
[Black "Garifullina, Leya"]
[Result "0-1"]
[WhiteElo "2347"]
[BlackElo "2132"]
[Annotator "NA"]
[PlyCount "86"]
[EventDate "2018.12.19"]
[EventType "swiss"]
[EventCountry "RUS"]
[SourceTitle "playchess.com"]
[Source "ChessBase"]
[SourceQuality "1"]

1. d4 Nf6 2. Nf3 e6 3. e3 d5 4. Bd3 c5 5. b3 Nc6 6. Bb2 Bd6 7. O-O O-O 8. Ne5 Qc7 9. f4 cxd4 10. Nxc6 bxc6 11. Bxd4 Qe7 12. Nd2 Bc5 13. Nf3 Bxd4 14. exd4 c5 15. c3 cxd4 16. cxd4 Ne4 17. Qe2 Bb7 18. Rac1 Rac8 19. Bxe4 dxe4 20. Ne5 f6 21. Nc4 Qd7 22. Qe3 Bd5 23. Nd2 f5 24. Rc5 Qb7 25. Rfc1 Qa6 26. a4 Rb8 27. Qc3 h6 28. Nc4 Qb7 29. Rb5 Qe7 30. Ne3 Rxb5 31. axb5 Qd6 32. Nxd5 exd5 33. Qc5 Qxf4 34. Qxd5+ Kh8 35. Qc5 Qe3+ 36. Kh1 Rf7 37. Rf1 f4 38. Qc8+ Kh7 39. Qe6 Rf6 40. Qe5 Qe2 41. Rg1 f3 42. gxf3 Qxf3+ 43. Rg2 Rg6 0-1

[Event "FIDE World Blitz-ch Women 2018"]
[Site "St. Petersburg"]
[Date "2018.12.29"]
[Round "3.33"]
[White "Molchanova, Tatjana"]
[Black "Shvayger, Yuliya"]
[Result "0-1"]
[WhiteElo "2245"]
[BlackElo "2393"]
[Annotator "NA"]
[PlyCount "48"]
[EventDate "2018.12.19"]
[EventType "swiss"]
[EventCountry "RUS"]
[SourceTitle "playchess.com"]
[Source "ChessBase"]
[SourceQuality "1"]

1. e4 c5 2. Nf3 Nc6 3. d3 g6 4. g3 Bg7 5. Bg2 e5 6. O-O Nge7 7. Be3 d6 8. Qd2 O-O 9. Bh6 f5 10. Bxg7 Kxg7 11. exf5 Bxf5 12. Nc3 Qd7 13. Ng5 h6 14. Nge4 b6 15. Nb5 d5 16. Ned6 Be6 17. c4 a6 18. cxd5 Bxd5 19. Bxd5 Nxd5 20. Nc4 axb5 21. Ne3 Nd4 22. f4 exf4 23. gxf4 Nxf4 24. Rf2 Nh3+ 0-1

[Event "FIDE World Blitz-ch Women 2018"]
[Site "St. Petersburg"]
[Date "2018.12.29"]
[Round "3.34"]
[White "Mirzoeva, Elmira"]
[Black "Geller, Anastasiya"]
[Result "1-0"]
[WhiteElo "2281"]
[BlackElo "2187"]
[Annotator "NA"]
[PlyCount "50"]
[EventDate "2018.12.19"]
[EventType "swiss"]
[EventCountry "RUS"]
[SourceTitle "playchess.com"]
[Source "ChessBase"]
[SourceQuality "1"]

1. Nf3 d5 2. e3 Bf5 3. c4 e6 4. Qb3 b6 5. Nd4 Bxb1 6. Rxb1 c6 7. Qa4 Qd7 8. cxd5 exd5 9. Be2 Be7 10. O-O Nf6 11. b4 O-O 12. Bb2 Ne4 13. Rfd1 b5 14. Qb3 a5 15. bxa5 Rxa5 16. d3 Nf6 17. Bc3 Ra8 18. Rbc1 Na6 19. Bd2 Nc5 20. Qb1 Rfc8 21. Bb4 Ne6 22. Bxe7 Qxe7 23. Nxc6 Qa3 24. Qxb5 h6 25. Qb7 Kh7 1-0

[Event "FIDE World Blitz-ch Women 2018"]
[Site "St. Petersburg"]
[Date "2018.12.29"]
[Round "3.35"]
[White "Paramzina, Anastasya"]
[Black "Bivol, Alina"]
[Result "1-0"]
[WhiteElo "2229"]
[BlackElo "2393"]
[Annotator "NA"]
[PlyCount "81"]
[EventDate "2018.12.19"]
[EventType "swiss"]
[EventCountry "RUS"]
[SourceTitle "playchess.com"]
[Source "ChessBase"]
[SourceQuality "1"]

1. e4 e6 2. d4 d5 3. Nd2 Be7 4. Ngf3 Nf6 5. e5 Nfd7 6. Bd3 c5 7. c3 Nc6 8. O-O Qb6 9. a3 cxd4 10. cxd4 Nxd4 11. Nxd4 Qxd4 12. Nf3 Qb6 13. b4 h6 14. Be3 Qd8 15. Rc1 Nb6 16. Qd2 Bd7 17. Nd4 a6 18. Rc3 Na4 19. Rc2 a5 20. Nb5 Bc6 21. Rfc1 axb4 22. axb4 Nb6 23. Nd6+ Bxd6 24. exd6 Nc4 25. Bxc4 dxc4 26. Rxc4 Bd5 27. Rg4 g5 28. Bd4 Rg8 29. Be5 Rc8 30. h3 Rxc1+ 31. Qxc1 Qd7 32. Rg3 f6 33. Rc3 Bc6 34. Bxf6 Kf7 35. Be5 Kg6 36. b5 Be4 37. Qe3 Bf5 38. g4 Bb1 39. Rc7 Qxb5 40. Bc3 Qd3 41. Qxe6# 1-0

[Event "FIDE World Blitz-ch Women 2018"]
[Site "St. Petersburg"]
[Date "2018.12.29"]
[Round "3.36"]
[White "Dumcheva, Julia"]
[Black "Gevorgyan, Maria"]
[Result "0-1"]
[WhiteElo "2168"]
[BlackElo "2228"]
[Annotator "NA"]
[PlyCount "58"]
[EventDate "2018.12.19"]
[EventType "swiss"]
[EventCountry "RUS"]
[SourceTitle "playchess.com"]
[Source "ChessBase"]
[SourceQuality "1"]

1. e4 e5 2. Nf3 Nf6 3. Nxe5 d6 4. Nf3 Nxe4 5. Nc3 Nxc3 6. dxc3 Be7 7. Bd3 O-O 8. h3 Nd7 9. O-O Nc5 10. Re1 Bf6 11. Be3 Nxd3 12. cxd3 Bf5 13. Bd4 Bg6 14. Bxf6 Qxf6 15. Qd2 h6 16. a4 Rfe8 17. b4 Qf5 18. d4 Bh5 19. Nh2 Qd5 20. a5 a6 21. Qd3 Bg6 22. Qg3 Qc6 23. Ng4 Kh7 24. h4 Re4 25. Rxe4 Qxe4 26. Qf3 Re8 27. Qxe4 Rxe4 28. f3 Re2 29. Kh2 h5 0-1

[Event "FIDE World Blitz-ch Women 2018"]
[Site "St. Petersburg"]
[Date "2018.12.29"]
[Round "3.37"]
[White "Shafigullina, Zarina"]
[Black "Mamedjarova, Zeinab"]
[Result "1/2-1/2"]
[WhiteElo "2140"]
[BlackElo "2338"]
[Annotator "NA"]
[PlyCount "108"]
[EventDate "2018.12.19"]
[EventType "swiss"]
[EventCountry "RUS"]
[SourceTitle "playchess.com"]
[Source "ChessBase"]
[SourceQuality "1"]

1. d4 d5 2. Nf3 Nf6 3. g3 e6 4. Bg2 Be7 5. O-O O-O 6. c4 b6 7. Nc3 Bb7 8. Ne5 Nbd7 9. Qa4 Nxe5 10. dxe5 Nd7 11. cxd5 exd5 12. Nxd5 Nc5 13. Qc4 Kh8 14. Nxe7 Bxg2 15. Kxg2 Qxe7 16. Bf4 h6 17. h4 Qe8 18. Rac1 Qc6+ 19. Kh2 Qg6 20. b4 Ne6 21. Be3 Qf5 22. f4 f6 23. exf6 Qxf6 24. f5 Nd8 25. Qxc7 Re8 26. Qf4 Qe7 27. Bd4 Nf7 28. Rf2 Ne5 29. Bxe5 Qxe5 30. Qxe5 Rxe5 31. Rc7 a5 32. a3 axb4 33. axb4 Ra2 34. Rb7 b5 35. Kh3 Rb2 36. Rf4 Rexe2 37. Kg4 Re5 38. f6 h5+ 39. Kf3 Rb3+ 40. Kf2 Rb2+ 41. Kf3 Rb3+ 42. Kf2 Rb2+ 43. Kf3 Rb3+ 44. Kg2 Rb2+ 45. Kh3 Ree2 46. fxg7+ Kh7 47. g8=Q+ Kxg8 48. Rb8+ Kg7 49. Rb7+ Kg6 50. Rb6+ Kg7 51. Rb7+ Kg8 52. Rb8+ Kg7 53. Rb7+ Kg6 54. Rb6+ Kg7 1/2-1/2

[Event "FIDE World Blitz-ch Women 2018"]
[Site "St. Petersburg"]
[Date "2018.12.29"]
[Round "3.38"]
[White "Nakhbayeva, Guliskhan"]
[Black "Shaydullina, Sandugach"]
[Result "1-0"]
[WhiteElo "2371"]
[BlackElo "2033"]
[Annotator "NA"]
[PlyCount "52"]
[EventDate "2018.12.19"]
[EventType "swiss"]
[EventCountry "RUS"]
[SourceTitle "playchess.com"]
[Source "ChessBase"]
[SourceQuality "1"]

1. d4 d5 2. c4 e6 3. Nc3 c6 4. e3 f5 5. Bd3 Nh6 6. Nge2 Bd6 7. Qc2 O-O 8. b3 Nd7 9. Bb2 Nf6 10. f3 Qe7 11. O-O Kh8 12. Rae1 Rg8 13. h3 Nh5 14. e4 Ng3 15. Nxg3 Bxg3 16. Re2 dxe4 17. fxe4 f4 18. e5 Qh4 19. Bxh7 Rd8 20. Ne4 Ng4 21. Nxg3 Ne3 22. Rxe3 fxe3 23. Qe4 Qxg3 24. Bg6 Bd7 25. Bf7 Rf8 26. Rf4 g5 1-0

[Event "FIDE World Blitz-ch Women 2018"]
[Site "St. Petersburg"]
[Date "2018.12.29"]
[Round "3.39"]
[White "Ovod, Evgenija"]
[Black "Lelekova, Olga"]
[Result "1/2-1/2"]
[WhiteElo "2367"]
[BlackElo "2261"]
[Annotator "NA"]
[PlyCount "78"]
[EventDate "2018.12.19"]
[EventType "swiss"]
[EventCountry "RUS"]
[SourceTitle "playchess.com"]
[Source "ChessBase"]
[SourceQuality "1"]

1. e4 c5 2. c3 e5 3. Nf3 Nc6 4. Bc4 Be7 5. O-O Nf6 6. d3 O-O 7. Bb3 h6 8. Re1 b5 9. Nbd2 Rb8 10. Nf1 b4 11. Ng3 d6 12. h3 a5 13. Be3 Bd7 14. d4 cxd4 15. cxd4 exd4 16. Nxd4 Ne5 17. f4 Ng6 18. Qe2 a4 19. Bc4 Qa5 20. Rad1 Nh7 21. Ndf5 Bxf5 22. Nxf5 Nf6 23. Qf3 Rfd8 24. Bd4 d5 25. Nxe7+ Nxe7 26. Bxf6 dxc4 27. Bxe7 Qa7+ 28. Kh2 Qxe7 29. e5 Rd7 30. Qc6 Rxd1 31. Rxd1 Qh4 32. Rd4 c3 33. bxc3 b3 34. axb3 axb3 35. Rb4 Rxb4 36. Qc8+ Kh7 37. Qf5+ Kg8 38. Qc8+ Kh7 39. Qf5+ Kg8 1/2-1/2

[Event "FIDE World Blitz-ch Women 2018"]
[Site "St. Petersburg"]
[Date "2018.12.29"]
[Round "3.40"]
[White "Mammadzada, Gunay"]
[Black "Petrova, Irina"]
[Result "1-0"]
[WhiteElo "2422"]
[BlackElo "2124"]
[Annotator "NA"]
[PlyCount "63"]
[EventDate "2018.12.19"]
[EventType "swiss"]
[EventCountry "RUS"]
[SourceTitle "playchess.com"]
[Source "ChessBase"]
[SourceQuality "1"]

1. e4 d6 2. d4 Nf6 3. Nc3 g6 4. Be3 a6 5. Qd2 b5 6. f3 Bb7 7. h4 h5 8. Nh3 Nbd7 9. Ng5 Nb6 10. a3 e6 11. Bd3 e5 12. O-O-O Bg7 13. dxe5 dxe5 14. Nxb5 Qe7 15. Bxb6 cxb6 16. Nd6+ Kf8 17. Ndxf7 b5 18. Nxh8 Bxh8 19. Qb4 Qxb4 20. axb4 Bc6 21. c3 Ke7 22. Bc2 Nd7 23. Bb3 Nb6 24. Rd2 a5 25. bxa5 Rxa5 26. Kb1 Bf6 27. Rhd1 Bxg5 28. hxg5 Nc8 29. Rd8 Nb6 30. R8d6 Nc4 31. Bxc4 bxc4 32. Rxc6 1-0

[Event "FIDE World Blitz-ch Women 2018"]
[Site "St. Petersburg"]
[Date "2018.12.29"]
[Round "3.41"]
[White "Maroroa, Sue"]
[Black "Nguyen, Thi Mai Hung"]
[Result "1/2-1/2"]
[WhiteElo "2120"]
[BlackElo "2280"]
[Annotator "NA"]
[PlyCount "125"]
[EventDate "2018.12.19"]
[EventType "swiss"]
[EventCountry "RUS"]
[SourceTitle "playchess.com"]
[Source "ChessBase"]
[SourceQuality "1"]

1. e4 e6 2. d4 d5 3. Nd2 Be7 4. Ngf3 Nf6 5. e5 Nfd7 6. Bd3 c5 7. c3 Nc6 8. O-O Qb6 9. a3 cxd4 10. cxd4 Nxd4 11. Nxd4 Qxd4 12. Nf3 Qg4 13. h3 Qh5 14. Re1 Nc5 15. Bb5+ Bd7 16. Bxd7+ Nxd7 17. Qa4 a6 18. Be3 b5 19. Qa5 Nxe5 20. Nxe5 Qxe5 21. Bc5 Qg5 22. Bxe7 Qxe7 23. a4 bxa4 24. Qxa4+ Qd7 25. Qa3 f6 26. Qg3 Kf7 27. Rec1 Rhc8 28. Rxc8 Qxc8 29. Qd6 Ra7 30. h4 Qb7 31. b4 Qc7 32. Qxc7+ Rxc7 33. Rxa6 Rc1+ 34. Kh2 Rb1 35. Rb6 d4 36. b5 e5 37. Kg3 Rb3+ 38. f3 e4 39. Rd6 exf3 40. gxf3 Rxb5 41. Rxd4 Rb3 42. Rd7+ Kg6 43. Rd5 h5 44. Rc5 Rb4 45. Ra5 Rc4 46. Rb5 Rc1 47. Ra5 Rg1+ 48. Kf2 Rh1 49. Kg3 Kh6 50. Ra6 Kh7 51. Ra7 Kg6 52. Ra5 Kh6 53. Ra6 Rc1 54. Rb6 Rc5 55. Rd6 Rf5 56. Ra6 g5 57. hxg5+ Kxg5 58. Ra8 h4+ 59. Kg2 Rb5 60. Rg8+ Kf5 61. Rg4 Rb2+ 62. Kg1 h3 63. Rh4 1/2-1/2

[Event "FIDE World Blitz-ch Women 2018"]
[Site "St. Petersburg"]
[Date "2018.12.29"]
[Round "3.42"]
[White "Sudakova, Irina"]
[Black "Diakonova, Ekaterina"]
[Result "1-0"]
[WhiteElo "2313"]
[BlackElo "2225"]
[Annotator "NA"]
[PlyCount "119"]
[EventDate "2018.12.19"]
[EventType "swiss"]
[EventCountry "RUS"]
[SourceTitle "playchess.com"]
[Source "ChessBase"]
[SourceQuality "1"]

1. e4 c6 2. d4 d5 3. e5 Bf5 4. h4 h5 5. c4 e6 6. Nc3 Ne7 7. Bg5 Nd7 8. cxd5 exd5 9. Bd3 Bxd3 10. Qxd3 Qb6 11. Nge2 O-O-O 12. O-O f6 13. Bf4 fxe5 14. dxe5 Nc5 15. Qh3+ Kb8 16. Be3 Ng6 17. Qg3 Ne7 18. Na4 Nf5 19. Qh3 Qa5 20. Qxf5 Qxa4 21. Bg5 Rc8 22. e6 Bd6 23. Nc3 Qg4 24. Qxg4 hxg4 25. Rae1 Rce8 26. Re2 Rxe6 27. Rfe1 Rhe8 28. Rxe6 Rxe6 29. Rxe6 Nxe6 30. Bd2 Nc5 31. Ne2 Nd3 32. b3 c5 33. g3 Kc7 34. Nc3 Kc6 35. Kg2 b5 36. f3 b4 37. Ne2 gxf3+ 38. Kxf3 Ne5+ 39. Kg2 a5 40. h5 a4 41. bxa4 Nd3 42. g4 Nb2 43. a5 Kb5 44. g5 c4 45. h6 gxh6 46. gxh6 Be5 47. Bf4 Bh8 48. Bd6 Nd3 49. Bf8 c3 50. Bg7 c2 51. Bxh8 Nf4+ 52. Kf3 Nxe2 53. Bb2 Nd4+ 54. Kf2 Nf5 55. h7 d4 56. h8=Q Kc4 57. Qc8+ Kd3 58. Qxf5+ Kd2 59. Qf4+ Kd3 60. Qc1 1-0

[Event "FIDE World Blitz-ch Women 2018"]
[Site "St. Petersburg"]
[Date "2018.12.29"]
[Round "3.43"]
[White "Borisova, Ekaterina"]
[Black "Maletina, Tatiana"]
[Result "1-0"]
[WhiteElo "2244"]
[BlackElo "2270"]
[Annotator "NA"]
[PlyCount "157"]
[EventDate "2018.12.19"]
[EventType "swiss"]
[EventCountry "RUS"]
[SourceTitle "playchess.com"]
[Source "ChessBase"]
[SourceQuality "1"]

1. d4 e6 2. g3 f5 3. Bg2 Nf6 4. Nf3 b6 5. Ne5 c6 6. O-O d5 7. c4 Bd6 8. Nf3 O-O 9. Qc2 Ne4 10. b3 Qe7 11. Bb2 Nd7 12. Nbd2 Ndf6 13. Ne5 Bb7 14. Nxe4 fxe4 15. Rad1 Rac8 16. Qb1 c5 17. dxc5 bxc5 18. e3 Qc7 19. f4 exf3 20. Nxf3 Ne4 21. Nd2 Rxf1+ 22. Nxf1 Rf8 23. Bxe4 dxe4 24. Qc2 Qf7 25. Qd2 Bc7 26. Bc3 Qf3 27. Qe1 Bc6 28. Nd2 Qg4 29. Nf1 Be8 30. Rd2 Qf3 31. Rf2 Qg4 32. Rxf8+ Kxf8 33. Qf2+ Kg8 34. Kg2 Qd1 35. Qd2 Qf3+ 36. Kg1 h6 37. a3 h5 38. Qg2 Qg4 39. h3 Qg6 40. Qf2 Bc6 41. Kg2 h4 42. g4 Qg5 43. b4 cxb4 44. axb4 Be5 45. Bxe5 Qxe5 46. b5 Bb7 47. Nd2 Qc3 48. Qe2 Qd3 49. Qxd3 exd3+ 50. Kf2 Kf7 51. e4 Kf6 52. Ke3 a6 53. bxa6 Bxa6 54. Kxd3 g5 55. Kd4 e5+ 56. Kd5 Bc8 57. Kd6 Kf7 58. c5 Ke8 59. Kc7 Ba6 60. c6 Ke7 61. Kb6 Bc8 62. Kc7 Be6 63. Kb8 Kd6 64. c7 Kc5 65. Nf3 Kc4 66. Nxg5 Bd7 67. c8=Q+ Bxc8 68. Kxc8 Kd4 69. Kd7 Ke3 70. Ke6 Kf4 71. Kd5 Kxg5 72. Kxe5 Kg6 73. Kd6 Kg5 74. e5 Kf4 75. e6 Kg3 76. e7 Kxh3 77. e8=Q Kxg4 78. Qe4+ Kg3 79. Qh1 1-0

[Event "FIDE World Blitz-ch Women 2018"]
[Site "St. Petersburg"]
[Date "2018.12.29"]
[Round "3.44"]
[White "Savina, Anastasia"]
[Black "Utiatskaja Irina (RUS)"]
[Result "1/2-1/2"]
[WhiteElo "2334"]
[BlackElo "1918"]
[Annotator "NA"]
[PlyCount "89"]
[EventDate "2018.12.19"]
[EventType "swiss"]
[EventCountry "RUS"]
[SourceTitle "playchess.com"]
[Source "ChessBase"]
[SourceQuality "1"]

1. Nf3 Nf6 2. c4 g6 3. Nc3 Bg7 4. e4 d6 5. d4 O-O 6. h3 Nc6 7. Be3 e5 8. d5 Nd4 9. Be2 Nxe2 10. Qxe2 Nh5 11. g3 a6 12. c5 f5 13. exf5 gxf5 14. Ng5 Qe8 15. cxd6 cxd6 16. g4 Nf6 17. gxf5 Bxf5 18. Rg1 Kh8 19. O-O-O b5 20. Ne6 Bxe6 21. dxe6 Qxe6 22. Qd2 b4 23. Nd5 Qf5 24. Qd3 Nxd5 25. Qxf5 Rxf5 26. Rxd5 Rc8+ 27. Kd2 Rc6 28. Rc1 Rxc1 29. Kxc1 Bf8 30. Kc2 Rh5 31. Kb3 Rxh3 32. Kxb4 h5 33. Ka5 Rh1 34. Kxa6 h4 35. b4 h3 36. Rd2 Rb1 37. f4 exf4 38. Bxf4 Rxb4 39. Bxd6 Bxd6 40. Rxd6 Ra4+ 41. Kb5 Rxa2 42. Rh6+ Kg7 43. Rxh3 Rb2+ 44. Kc4 Rg2 45. Kd3 1/2-1/2